Estadísticas para Banderas con escudos.

Haz click aquí para intentar la prueba.

Estadísticas generales

  • Esta prueba ha sido intentada 74 veces
  • La puntuación promedio es 24 de 26

Estadísticas de respuestas

Respuesta% Correcto
Andorra
100%
Croacia
99%
Ecuador
99%
Ciudad del Vaticano
97%
Egipto
97%
España
97%
México
97%
El Salvador
96%
Eslovaquia
96%
Portugal
96%
Costa Rica
94%
Eslovenia
94%
Serbia
94%
Guatemala
93%
Montenegro
93%
Paraguay
93%
Moldavia
92%
San Marino
92%
Nicaragua
90%
República Dominicana
90%
Haití
89%
Belice
87%
Fiyi
87%
Brunei
85%
Omán
83%
Guinea Ecuatorial
80%

Distribución de puntuación

Porcentaje por número respondido

Porcentaje de gente con cada puntuación

Historial de tus puntuaciones

No has intentado esta prueba.